000 00272nam a22001217a 4500
008 181015b xxu||||| |||| 00| 0 eng d
041 _aeng
080 _25 ED
_a941
100 _a16
101 _aHIS
245 _atHE mIDLE a HISTORY
_cwILLIAM.o
942 _2udc
_cBK
999 _c49776
_d49776